[Event "Heusenstamm Sparkassen op U14 3rd"]
[Site "Heusenstamm"]
[Date "2016.11.27"]
[Round "5"]
[White "Negru, Jan"]
[Black "Keller, Erik"]
[Result "1-0"]
[WhiteElo "881"]
[BlackElo "887"]
[PlyCount "77"]
[EventDate "2016.11.27"]
[EventType "swiss"]
[EventRounds "5"]
[EventCountry "GER"]
[SourceTitle "EXT 2018"]
[Source "ChessBase"]
[SourceDate "2017.10.13"]
[SourceVersion "1"]
[SourceVersionDate "2017.10.13"]
[SourceQuality "1"]

1. e4 e5 2. Nf3 Nf6 3. Nc3 Bc5 4. Bc4 Nc6 5. d3 h6 6. Be3 Bxe3 7. fxe3 d6 8. d4 exd4 9. exd4 Bg4 10. h3 Bh5 11. g4 Bg6 12. Qd3 Qe7 13. 0-0-0 0-0-0 14. Rhe1 Rhe8 15. Bb5 Nxe4 16. Nxe4 d5 17. Ne5 dxe4 18. Qb3 Rd6 19. Nxc6 bxc6 20. Ba6+ Kd7 21. d5 cxd5 22. Bb5+ c6 23. Ba4 Ke6 24. Bxc6 Red8 25. Ba4 f6 26. Rd4 Kf7 27. Rb4 Rc8 28. Kb1 Kf8 29. Rb8 Rxb8 30. Qxb8+ Qd8 31. Qb4 Kg8 32. Qb3 Bf7 33. h4 Qb6 34. Qg3 Rd8 35. g5 fxg5 36. hxg5 hxg5 37. Qxg5 Qg6 38. Qxd8+ Kh7 39. Rh1+ 1-0